町村の代表駅 西日本篇 (1999年) - Statistics

General Stats
  • This quiz has been taken 10 times
  • The average score is 87 of 268
Answer Stats
都道府県 町村名 Answer % Correct
三重県 磯部町 志摩磯部
83%
滋賀県 今津町 近江今津
83%
滋賀県 多賀町 多賀大社前
83%
京都府 精華町 祝園
83%
大阪府 岬町 みさき公園
83%
和歌山県 那智勝浦町 紀伊勝浦
83%
広島県 海田町 海田市
83%
山口県 小郡町 新山口
83%
徳島県 海南町 阿波海南
83%
愛媛県 長浜町 伊予長浜
83%
福岡県 遠賀町 遠賀川
83%
大分県 湯布院町 由布院
83%
三重県 阿児町 鵜方
67%
三重県 員弁町 楚原
67%
三重県 川越町 川越富洲原
67%
三重県 藤原町 西藤原
67%
三重県 二見町 二見浦
67%
滋賀県 高島町 近江高島
67%
京都府 夜久野町 下夜久野
67%
大阪府 豊能町 妙見口
67%
兵庫県 猪名川町 日生中央
67%
奈良県 明日香村 飛鳥
67%
奈良県 斑鳩町 法隆寺
67%
奈良県 広陵町 箸尾
67%
奈良県 當麻町 当麻寺
67%
和歌山県 貴志川町 貴志
67%
和歌山県 すさみ町 周参見
67%
和歌山県 広川町 広川ビーチ
67%
和歌山県 由良町 紀伊由良
67%
島根県 大社町 出雲大社前
67%
徳島県 池田町 阿波池田
67%
徳島県 川島町 阿波川島
67%
香川県 財田町 讃岐財田
67%
香川県 白鳥町 讃岐白鳥
67%
香川県 津田町 讃岐津田
67%
愛媛県 中山町 伊予中山
67%
愛媛県 吉田町 伊予吉田
67%
高知県 大正町 土佐大正
67%
福岡県 新宮町 新宮中央
67%
三重県 伊賀町 新堂
50%
三重県 大台町 三瀬谷
50%
滋賀県 木之本町 木ノ本
50%
滋賀県 山東町 近江長岡
50%
滋賀県 西浅井町 永原
50%
京都府 丹波町 下山
50%
京都府 南山城村 大河原
50%
京都府 山城町 上狛
50%
兵庫県 城崎町 城崎温泉
50%
兵庫県 新宮町 播磨新宮
50%
奈良県 大淀町 下市口
50%
奈良県 河合町 池部
50%
奈良県 川西町 結崎
50%
奈良県 室生村 室生口大野
50%
和歌山県 吉備町 藤並
50%
和歌山県 かつらぎ町 妙寺
50%
和歌山県 高野町 高野山
50%
鳥取県 大山町 大山口
50%
鳥取県 溝口町 伯耆溝口
50%
島根県 川本町 石見川本
50%
島根県 三隅町 三保三隅
50%
島根県 横田町 出雲横田
50%
岡山県 勝山町 中国勝山
50%
岡山県 加茂町 美作加茂
50%
岡山県 真備町 吉備真備
50%
広島県 大野町 大野浦
50%
広島県 西城町 備後西城
50%
徳島県 藍住町 勝瑞
50%
徳島県 半田町 阿波半田
50%
徳島県 山川町 阿波山川
50%
愛媛県 小松町 伊予小松
50%
愛媛県 土居町 伊予土居
50%
高知県 赤岡町 あかおか
50%
高知県 佐賀町 土佐佐賀
50%
高知県 野市町 のいち
50%
高知県 吉川村 よしかわ
50%
福岡県 浮羽町 うきは
50%
福岡県 吉井町 筑後吉井
50%
熊本県 大津町 肥後大津
50%
宮崎県 新富町 日向新富
50%
鹿児島県 霧島町 霧島神宮
50%
三重県 嬉野町 権現前
33%
三重県 玉城町 田丸
33%
三重県 白山町 関ノ宮
33%
三重県 北勢町 阿下喜
33%
三重県 三雲町 六軒
33%
三重県 御浜町 阿田和
33%
三重県 海山町 相賀
33%
三重県 明和町 斎宮
33%
滋賀県 近江町 坂田
33%
滋賀県 甲良町 尼子
33%
滋賀県 湖北町 河毛
33%
京都府 井手町 玉水
33%
京都府 大宮町 丹後大宮
33%
大阪府 田尻町 吉見ノ里
33%
兵庫県 朝来町 新井
33%
兵庫県 市川町 甘地
33%
兵庫県 大河内町 寺前
33%
兵庫県 丹南町 篠山口
33%
兵庫県 日高町 江原
33%
奈良県 高取町 壺阪山
33%
奈良県 三宅町 但馬
33%
和歌山県 上富田町 朝来
33%
和歌山県 川辺町 和佐
33%
和歌山県 日置川町 紀伊日置
33%
和歌山県 日高町 紀伊内原
33%
鳥取県 江府町 江尾
33%
鳥取県 河原町 国英
33%
鳥取県 気高町 浜村
33%
鳥取県 大栄町 由良
33%
鳥取県 東郷町 松崎
33%
鳥取県 中山町 中山口
33%
鳥取県 日南町 生山
33%
鳥取県 日野町 根雨
33%
鳥取県 船岡町 因幡船岡
33%
鳥取県 北条町 下北条
33%
島根県 邑智町 粕淵
33%
島根県 湖陵町 江南
33%
島根県 大東町 出雲大東
33%
島根県 多伎町 小田
33%
島根県 玉湯町 玉造温泉
33%
島根県 仁摩町 仁万
33%
島根県 東出雲町 揖屋
33%
島根県 斐川町 荘原
33%
岡山県 落合町 美作落合
33%
岡山県 久米南町 弓削
33%
岡山県 作東町 美作江見
33%
岡山県 勝央町 勝間田
33%
岡山県 中央町 亀甲
33%
岡山県 御津町 金川
33%
岡山県 美作町 林野
33%
広島県 川尻町 安芸川尻
33%
広島県 作木村 香淀
33%
広島県 府中町 向洋
33%
山口県 阿東町 徳佐
33%
山口県 阿武町 奈古
33%
山口県 山陽町 厚狭
33%
山口県 周東町 周防高森
33%
山口県 三隅町 長門三隅
33%
徳島県 西祖谷山村 大歩危
33%
香川県 綾歌町 栗熊
33%
香川県 大内町 三本松
33%
香川県 三野町 みの
33%
香川県 牟礼町 讃岐牟礼
33%
愛媛県 双海町 伊予上灘
33%
愛媛県 三間町 伊予宮野下
33%
高知県 大豊町 大杉
33%
高知県 東洋町 甲浦
33%
高知県 中土佐町 土佐久礼
33%
福岡県 岡垣町 海老津
33%
福岡県 粕屋町 長者原
33%
福岡県 二丈町 筑前深江
33%
佐賀県 白石町 肥前白石
33%
佐賀県 太良町 多良
33%
長崎県 田平町 中田平
33%
長崎県 東彼杵町 彼杵
33%
熊本県 田浦町 肥後田浦
33%
大分県 天瀬町 天ケ瀬
33%
鹿児島県 松元町 薩摩松元
33%
三重県 紀勢町 伊勢柏崎
17%
三重県 紀宝町 紀伊井田
17%
三重県 美杉村 伊勢八知
17%
滋賀県 蒲生町 桜川
17%
滋賀県 五個荘町 五箇荘
17%
兵庫県 春日町 黒井
17%
兵庫県 山東町 梁瀬
17%
兵庫県 氷上町 石生
17%
奈良県 新庄町 近鉄新庄
17%
和歌山県 那賀町 名手
17%
鳥取県 東伯町 浦安
17%
島根県 加茂町 加茂中
17%
島根県 桜江町 川戸
17%
島根県 大和村 石見都賀
17%
島根県 仁多町 出雲三成
17%
島根県 羽須美村 口羽
17%
岡山県 大佐町 刑部
17%
岡山県 神郷町 坂根
17%
岡山県 灘崎町 備前片岡
17%
広島県 甲山町 備後三川
17%
広島県 甲田町 甲立
17%
広島県 高宮町 船佐
17%
山口県 熊毛町 高水
17%
山口県 田万川町 江崎
17%
山口県 豊浦町 川棚温泉
17%
山口県 日置町 長門古市
17%
山口県 豊北町 滝部
17%
山口県 大和町 岩田
17%
山口県 油谷町 人丸
17%
徳島県 井川町
17%
香川県 国分寺町 国分
17%
香川県 寒川町 神前
17%
香川県 綾南町 滝宮
17%
愛媛県 重信町 見奈良
17%
愛媛県 広見町 近永
17%
愛媛県 松野町 松丸
17%
高知県 西土佐村 江川崎
17%
高知県 日高村 日下
17%
福岡県 大木町 八丁牟田
17%
福岡県 川崎町 豊前川崎
17%
福岡県 高田町 渡瀬
17%
福岡県 大刀洗町 西太刀洗
17%
福岡県 筑穂町 上穂波
17%
福岡県 東峰村 大行司
17%
福岡県 豊津町 新豊津
17%
福岡県 三橋町 西鉄柳川
17%
福岡県 三輪町 太刀洗
17%
佐賀県 有明町 肥前竜王
17%
佐賀県 浜玉町 浜崎
17%
佐賀県 三日月町 小城
17%
佐賀県 三田川町 吉野ヶ里公園
17%
長崎県 有明町 大三東
17%
長崎県 鹿町町 江迎鹿町
17%
長崎県 多良見町 喜々津
17%
熊本県 芦北町 佐敷
17%
熊本県 一の宮町 宮地
17%
熊本県 鏡町 有佐
17%
熊本県 菊陽町 原水
17%
熊本県 玉東町 木葉
17%
熊本県 球磨村 一勝地
17%
熊本県 不知火町 松橋
17%
熊本県 西合志町 御代志
17%
熊本県 白水村 阿蘇白川
17%
大分県 荻町 豊後荻
17%
大分県 清川村 豊後清川
17%
大分県 玖珠町 豊後森
17%
大分県 佐賀関町 幸崎
17%
大分県 山香町 中山香
17%
宮崎県 高崎町 高崎新田
17%
宮崎県 日之影町 日之影温泉
17%
鹿児島県 野田町 野田郷
17%
鹿児島県 牧園町 霧島温泉
17%
三重県 大宮町 阿曽
0%
三重県 御薗村 宮町
0%
兵庫県 香寺町 香呂
0%
兵庫県 山南町 谷川
0%
岡山県 久米町 美作千代
0%
岡山県 哲西町 矢神
0%
広島県 湯来町 水内
0%
山口県 美川町 河山
0%
徳島県 那賀川町 阿波中島
0%
徳島県 山城町 阿波川口
0%
香川県 仲南町 塩入
0%
香川県 豊中町 本山
0%
香川県 満濃町 羽間
0%
香川県 三木町 学園通り
0%
愛媛県 宇和町 上宇和
0%
高知県 大方町 西大方
0%
高知県 芸西村 和食
0%
福岡県 稲築町 下鴨生
0%
福岡県 庄内町 筑前庄内
0%
福岡県 穂波町 天道
0%
福岡県 大和町 塩塚
0%
佐賀県 山内町 三間坂
0%
長崎県 江迎町 高岩
0%
長崎県 国見町 多比良
0%
長崎県 高来町 湯江
0%
長崎県 瑞穂町 西郷
0%
長崎県 南有馬町 原城
0%
熊本県 相良村 川村
0%
熊本県 岱明町 大野下
0%
熊本県 錦町 一武
0%
大分県 宇目町 重岡
0%
大分県 上浦町 浅海井
0%
大分県 九重町 引治
0%
大分県 狭間町 向之原
0%
宮崎県 北方町 川水流
0%
宮崎県 山田町 谷頭
0%
鹿児島県 知覧町 松ケ浦
0%
鹿児島県 横川町 大隅横川
0%
No matching quizzes found
Score Distribution
Percent of People with Each Score
Percentile by Number Answered
Your Score History
You have not taken this quiz